000 00325nam a22001457a 4500
008 210303b ||||| |||| 00| 0 eng d
020 _a2901420067049
041 _aeng
080 _23rd
_a573
082 _a573
100 _a11
101 _aBIO
245 _aFundamentals of Ecotoxicology
_cNewman, M.C
942 _2udc
_cBK
999 _c55577
_d55577